KFZ-Kennzeichen Thüringen - Statistiken

Allgemein
  • Dieses Quiz wurde 85 mal gespielt
  • Das Durchschnittsergebnis liegt bei 20 aus 43
Antwortstatistiken
Hint Antwort % Korrekt
G Gera
88%
EF Erfurt
86%
J Jena
86%
GTH Gotha
82%
NDH Nordhausen
82%
AP Apolda
79%
EA Eisenach
77%
IL Ilmenau
75%
KYF Kyffhäuser
70%
GRZ Greiz
66%
SÖM Sömmerda
66%
MGN Meiningen
64%
SHL Suhl
64%
ABG Altenburg
63%
EIC Eichsfeld
57%
MHL Mühlhausen
57%
APD Apolda
55%
ARN Arnstadt
55%
WE Weimar
54%
RU Rudolstadt
52%
IK Ilmkreis
48%
SON Sonneberg
48%
HBN Hildburghausen
46%
SLF Saalfeld
46%
SM Schmalkalden
43%
SDH Sondershausen
41%
SHK Saale-Holzland-Kreis
39%
WAK Wartburgkreis
39%
LSZ Bad Langensalza
36%
ART Artern
32%
SOK Saale-Orla-Kreis
29%
UH Unstrut, Hainich
27%
EIS Eisenberg
25%
SLZ Bad Salzungen
23%
PN Pößneck
23%
SCZ Schleiz
21%
WBS Worbis
18%
LBS Bad Lobenstein
14%
HIG Heiligenstadt
14%
NH Neuhaus
14%
SLN Schmölln
9%
SRO Stadtroda
9%
ZR Zeulenroda-Triebes
7%
Keine übereinstimmenden Quizze gefunden
Verteilung der Resultate
Anzahl Personen mit jedem Resultat
Perzentil nach korrekt beantworteten Fragen
Ihre Resultats-Entwicklung
Sie haben dieses Quiz noch nicht gespielt